000 00887nam a22002777a 4500
001 6841
003 FISKH
005 20250530100707.0
008 250530b cb ||||| |||| 00| 0 eng d
020 _a9789352760350
040 _aFISKH
_beng
_cFISKH
_dFISKH
050 _aPZ7
082 _a813.6
100 _aAnonymous
245 _aTed's tooth trouble /
260 _aNew Delhi :
_bOm Kidz,
_c2017.
300 _a32 pages :
_bcolor illustrations ;
_c22 cm
505 _aD
520 _aTed's Tooth Trouble. Ted's tooth falls out. He Places it below his pillow and waits for the tooth fairy. He sees a great, big shadow and feels scared. Is it the tooth fairy or someone else? Read on to Find out.
521 8 _a160
_bLexile estimate
521 8 _aD
_bRaz-Plus
546 _aKSP
650 _aKids
_vTooth
_xTrouble
942 _2ddc
_cBK
_n0
999 _c6841
_d6841